书目信息 |
| 题名: |
一本让你爱不释手的美国简史
|
|
| 作者: | 江乐兴 编著 | |
| 分册: | ||
| 出版信息: | 北京 北京工业大学出版社 2017 |
|
| 页数: | 242页 | |
| 开本: | 23cm | |
| 丛书名: | ||
| 单 册: | ||
| 中图分类: | K712.09 | |
| 科图分类: | ||
| 主题词: | 历史--li shi--美国--通俗读物 | |
| 电子资源: | ||
| ISBN: | 978-7-5639-4952-6 | |
| 000 | 00855nam0 22002411 450 | |
| 001 | 0124140131 | |
| 005 | 20170324140131.0 | |
| 010 | @a978-7-5639-4952-6@dCNY36.00 | |
| 100 | @a20170104d2017 em y0chiy50 ea | |
| 101 | 0 | @achi |
| 102 | @aCN@b110000 | |
| 105 | @aa z 000yy | |
| 106 | @ar | |
| 200 | 1 | @a一本让你爱不释手的美国简史@9yi ben rang ni ai bu shi shou de mei guo jian shi@f江乐兴编著 |
| 210 | @a北京@c北京工业大学出版社@d2017 | |
| 215 | @a242页@c图,照片@d23cm | |
| 330 | @a本书详细介绍了美国历史。全书共四章,主要内容包括:美国文明的诞生、美国的独立与统一、美国的崛起与扩张、危机之后的霸权。 | |
| 512 | 1 | @a一本让你爱不释手的美国简史@e超级大国的精准解读 |
| 606 | 0 | @a历史@9li shi@y美国@j通俗读物 |
| 690 | @aK712.09@v5 | |
| 701 | 0 | @a江乐兴@9jiang le xing@4编著 |
| 801 | 0 | @aCN@bTANGWEI@c20170308 |
| 905 | @b0961691-3@dK712.09@e39@f3 | |
| 一本让你爱不释手的美国简史/江乐兴编著.-北京:北京工业大学出版社,2017 |
| 242页:图,照片;23cm |
| ISBN 978-7-5639-4952-6:CNY36.00 |
| 本书详细介绍了美国历史。全书共四章,主要内容包括:美国文明的诞生、美国的独立与统一、美国的崛起与扩张、危机之后的霸权。 |
| ● |
| 相关链接 |
|
|
|
|
正题名:一本让你爱不释手的美国简史
索取号:K712.09/39
 
预约/预借
| 序号 | 登录号 | 条形码 | 馆藏地/架位号 | 状态 | 备注 |
| 1 | 0961691 | 209616913 | 第二样本阅览室/ [索取号:K712.09/39] | 在馆 | |
| 2 | 0961692 | 209616922 | 第二借阅区/ [索取号:K712.09/39] | 在馆 | |
| 3 | 0961693 | 209616931 | 第二借阅区/ [索取号:K712.09/39] | 在馆 |